[Event "Piestany Augustus Cup"]
[Site "Piestany"]
[Date "2022.07.15"]
[Round "2"]
[White "Harvan, Tomas"]
[Black "Daniska, Jozef"]
[Result "1-0"]
[WhiteElo "1590"]
[BlackElo "1246"]
[PlyCount "73"]
[EventDate "2022.07.15"]
[EventType "swiss (rapid)"]
[EventRounds "7"]
[EventCountry "SVK"]
[SourceTitle "CBM 209 Extra"]
[Source "ChessBase"]
[SourceDate "2022.09.30"]
[SourceVersion "1"]
[SourceVersionDate "2022.09.30"]
[SourceQuality "1"]

1. e4 Nc6 2. Nf3 Nf6 3. e5 Nd5 4. d4 e6 5. c4 Nb6 6. Nc3 a6 7. Bd3 d6 8. 0-0 d5 9. cxd5 Nxd5 10. Re1 Nxc3 11. bxc3 Ne7 12. Ba3 Nf5 13. Bxf8 Rxf8 14. Be4 c6 15. h3 Nh4 16. Qd3 f5 17. exf6 Qxf6 18. d5 Nxf3+ 19. Bxf3 cxd5 20. Qxh7 Bd7 21. Qh5+ g6 22. Qxd5 Rb8 23. Rad1 Kf7 24. Qxd7+ Kg8 25. Rxe6 Qg5 26. Qd5 Qxd5 27. Bxd5 Kg7 28. Re7+ Kh6 29. Rxb7 Rbd8 30. Bf3 Rxd1+ 31. Bxd1 Re8 32. Bb3 Re1+ 33. Kh2 Kh5 34. f4 Kh6 35. Bg8 g5 36. f5 Re2 37. Rh7# 1-0

[Event "Liptovsky Jan op"]
[Site "Liptovsky Jan"]
[Date "2022.06.23"]
[Round "1.35"]
[White "Carnecky, Michal"]
[Black "Harvan, Tomas"]
[Result "0-1"]
[WhiteElo "1382"]
[BlackElo "1843"]
[PlyCount "50"]
[EventDate "2022.06.23"]
[EventType "swiss"]
[EventRounds "7"]
[EventCountry "SVK"]
[SourceTitle "CBM 209 Extra"]
[Source "ChessBase"]
[SourceDate "2022.09.30"]
[SourceVersion "1"]
[SourceVersionDate "2022.09.30"]
[SourceQuality "1"]

1. c4 Nf6 2. Nc3 e5 3. a3 c6 4. d3 d5 5. cxd5 cxd5 6. e3 Nc6 7. Nf3 Bg4 8. Be2 Be7 9. 0-0 0-0 10. Nd2 Bxe2 11. Nxe2 Qb6 12. b4 Rac8 13. Bb2 a5 14. Bc3 axb4 15. axb4 d4 16. Nc4 Qd8 17. Be1 dxe3 18. fxe3 Bxb4 19. Bxb4 Nxb4 20. Nxe5 Nc2 21. Nc4 Nxa1 22. Qxa1 Qxd3 23. Rxf6 gxf6 24. Qxf6 Rxc4 25. Nf4 Qxe3+ 0-1

[Event "SVK-chT1E 2122"]
[Site "Slovakia"]
[Date "2022.03.19"]
[Round "6.7"]
[White "Harvan, Tomas"]
[Black "Krestian, Darius"]
[Result "1-0"]
[WhiteElo "1819"]
[BlackElo "1637"]
[PlyCount "85"]
[EventDate "2022.01.29"]
[EventType "team-tourn"]
[EventRounds "11"]
[EventCountry "SVK"]
[SourceTitle "EXT 2023"]
[Source "ChessBase"]
[SourceDate "2022.10.05"]
[SourceVersion "1"]
[SourceVersionDate "2022.10.05"]
[SourceQuality "1"]
[WhiteTeam "Humenne Reinter II"]
[BlackTeam "Michalovce Zemplin"]
[WhiteTeamCountry "SVK"]
[BlackTeamCountry "SVK"]

1. d4 Nf6 2. Nf3 d5 3. g3 Bf5 4. Bg2 e6 5. 0-0 Be7 6. c4 c6 7. Qb3 Qb6 8. c5 Qxb3 9. axb3 Na6 10. Ne5 Nd7 11. Nxd7 Kxd7 12. Bd2 Bf6 13. e3 g5 14. Na3 Nc7 15. Rfe1 h5 16. e4 dxe4 17. Bxe4 Bxd4 18. Bxf5 exf5 19. Rad1 Nd5 20. Bxg5 Bxc5 21. Re5 Kc7 22. Rxf5 f6 23. Bxf6 Nxf6 24. Rxf6 Rae8 25. Nc4 h4 26. Rf7+ Kc8 27. Rf5 b6 28. Rf4 hxg3 29. hxg3 Rh3 30. Nd6+ Bxd6 31. Rxd6 Kc7 32. Rg6 Rh7 33. Rff6 c5 34. Re6 Rd8 35. Re2 Rd3 36. f4 Rxb3 37. f5 Rf7 38. g4 Rd3 39. f6 Rdd7 40. g5 b5 41. Rg8 c4 42. Rf2 Rd6 43. Rg7 1-0

[Event "SVK-chT1E 2122"]
[Site "Slovakia"]
[Date "2022.02.27"]
[Round "5.7"]
[White "Magat, Jozef"]
[Black "Harvan, Tomas"]
[Result "0-1"]
[WhiteElo "2030"]
[BlackElo "1819"]
[PlyCount "66"]
[EventDate "2022.01.29"]
[EventType "team-tourn"]
[EventRounds "11"]
[EventCountry "SVK"]
[SourceTitle "EXT 2023"]
[Source "ChessBase"]
[SourceDate "2022.10.05"]
[SourceVersion "1"]
[SourceVersionDate "2022.10.05"]
[SourceQuality "1"]
[WhiteTeam "Dunajov Inbest"]
[BlackTeam "Humenne Reinter II"]
[WhiteTeamCountry "SVK"]
[BlackTeamCountry "SVK"]

1. c4 Nf6 2. Nc3 e6 3. g3 d5 4. d4 Be7 5. Bg2 0-0 6. Nf3 b6 7. cxd5 exd5 8. 0-0 Bb7 9. Qb3 Nc6 10. Bg5 Na5 11. Qc2 Ne4 12. Bxe7 Qxe7 13. e3 Rfe8 14. Rfe1 Nc4 15. Rac1 Nxc3 16. Qxc3 c5 17. dxc5 Rac8 18. cxb6 axb6 19. b3 Nd6 20. Qb4 Ra8 21. a4 b5 22. axb5 Ra2 23. Nd4 Rxf2 24. Nc6 Qf6 25. Bxd5 Ra2 26. Qf4 Qb2 27. g4 Re6 28. g5 h6 29. h4 Bxc6 30. bxc6 Ne4 31. Bxe4 Rxe4 32. Qf3 Qh2+ 33. Kf1 Rg4 0-1

[Event "Piestany Slovakia op"]
[Site "Piestany"]
[Date "2021.07.18"]
[Round "9"]
[White "Orgon, Dusan"]
[Black "Harvan, Tomas"]
[Result "1-0"]
[WhiteElo "1971"]
[BlackElo "1782"]
[PlyCount "61"]
[EventDate "2021.07.10"]
[EventType "swiss"]
[EventRounds "9"]
[EventCountry "SVK"]
[SourceTitle "CBM 203 Extra"]
[Source "ChessBase"]
[SourceDate "2021.09.30"]
[SourceVersion "1"]
[SourceVersionDate "2021.09.30"]
[SourceQuality "1"]

1. e4 c6 2. Nc3 d5 3. Nf3 Bg4 4. d4 e6 5. h3 Bxf3 6. gxf3 Nf6 7. Qd3 Na6 8. a3 Rc8 9. Be3 c5 10. Qb5+ Qd7 11. Qxd7+ Kxd7 12. exd5 Nxd5 13. Nxd5 exd5 14. h4 Re8 15. Bb5+ Kd8 16. Bxe8 Kxe8 17. dxc5 Nxc5 18. 0-0-0 Na4 19. Rhe1 Kd7 20. Rxd5+ Kc6 21. Rd8 Nxb2 22. Rc8+ Kd7 23. Rxf8 Rxf8 24. Kxb2 a6 25. c4 Rc8 26. Kb3 Rc6 27. Rg1 g6 28. Rd1+ Ke7 29. c5 Re6 30. Rd4 f5 31. Rb4 1-0

[Event "Piestany Slovakia op"]
[Site "Piestany"]
[Date "2021.07.15"]
[Round "6"]
[White "Kollarik, Gorazd"]
[Black "Harvan, Tomas"]
[Result "0-1"]
[WhiteElo "1810"]
[BlackElo "1782"]
[PlyCount "76"]
[EventDate "2021.07.10"]
[EventType "swiss"]
[EventRounds "9"]
[EventCountry "SVK"]
[SourceTitle "CBM 203 Extra"]
[Source "ChessBase"]
[SourceDate "2021.09.30"]
[SourceVersion "1"]
[SourceVersionDate "2021.09.30"]
[SourceQuality "1"]

1. e4 c6 2. d4 d5 3. Nc3 dxe4 4. Nxe4 Bf5 5. Ng3 Bg6 6. Nf3 Nd7 7. Bd3 Bxd3 8. Qxd3 e6 9. 0-0 Ngf6 10. Re1 Qc7 11. Be3 Be7 12. Rad1 Rd8 13. c3 h5 14. h4 Ng4 15. Bg5 Ndf6 16. Ne5 Nxe5 17. Rxe5 Qxe5 18. dxe5 Rxd3 19. Rxd3 Ng4 20. Bxe7 Kxe7 21. f4 f6 22. exf6+ gxf6 23. Ne2 e5 24. fxe5 fxe5 25. g3 Rf8 26. c4 Rf2 27. Nc3 Rxb2 28. Kf1 Rb4 29. Rd2 Rxc4 30. Nd1 Rd4 31. Ke2 Ke6 32. Rb2 b6 33. Nf2 Nxf2 34. Kxf2 c5 35. Ke3 Rg4 36. Kf2 Kd5 37. Rd2+ Rd4 38. Re2 c4 0-1

[Event "SVK League Cup 1st"]
[Site "Tornelo INT"]
[Date "2021.04.11"]
[Round "6"]
[White "Harvan, Tomas"]
[Black "Panko, Radoslav"]
[Result "1/2-1/2"]
[WhiteElo "1782"]
[BlackElo "2044"]
[PlyCount "46"]
[EventDate "2021.03.27"]
[EventType "swiss"]
[EventRounds "8"]
[EventCountry "SVK"]
[SourceTitle "EXT 2022"]
[Source "ChessBase"]
[SourceDate "2021.10.06"]
[SourceVersion "1"]
[SourceVersionDate "2021.10.06"]
[SourceQuality "1"]

1. e4 e6 2. d4 d5 3. Nd2 Nf6 4. e5 Nfd7 5. Bd3 c5 6. c3 Nc6 7. Ne2 cxd4 8. cxd4 f6 9. exf6 Nxf6 10. Nf3 Bd6 11. 0-0 0-0 12. Bg5 Qc7 13. Rc1 a6 14. Ng3 Qf7 15. Bb1 Bxg3 16. hxg3 Qh5 17. Bxf6 Rxf6 18. Ne5 Qxd1 19. Rfxd1 Nxe5 20. dxe5 Rf7 21. Rc3 Bd7 22. Rc7 Be8 23. Rdc1 Rd8 1/2-1/2

[Event "Drienica Saris op"]
[Site "Drienica"]
[Date "2020.08.07"]
[Round "1"]
[White "Harvan, Tomas"]
[Black "Macko, Michal"]
[Result "0-1"]
[WhiteElo "1796"]
[BlackElo "2142"]
[PlyCount "76"]
[EventDate "2020.08.07"]
[EventType "swiss"]
[EventRounds "9"]
[EventCountry "SVK"]
[SourceTitle "CBM 197 Extra"]
[Source "ChessBase"]
[SourceDate "2020.09.30"]
[SourceVersion "1"]
[SourceVersionDate "2020.09.30"]
[SourceQuality "1"]

1. e4 c5 2. Nf3 e6 3. d4 cxd4 4. Nxd4 Nc6 5. Nc3 Qc7 6. Nxc6 bxc6 7. Bd3 Nf6 8. 0-0 Be7 9. Qe2 d5 10. b3 0-0 11. Bb2 Re8 12. Rae1 Bb7 13. f4 Bf8 14. Kh1 Nd7 15. exd5 cxd5 16. Nb5 Qb6 17. Rf3 Nc5 18. Bxh7+ Kxh7 19. Rh3+ Kg8 20. Qh5 f6 21. Bxf6 Ne4 22. Rxe4 dxe4 23. Bd4 Qc6 24. Qh7+ Kf7 25. Qh5+ Ke7 26. Qg5+ Kd7 27. Rc3 Be7 28. Rxc6 Bxg5 29. Rc7+ Kd8 30. Rxb7 Bxf4 31. Bxg7 Rb8 32. Bf6+ Kc8 33. Rxb8+ Kxb8 34. g3 Bd2 35. Nd6 e3 36. Bg5 Rd8 37. Kg2 Rxd6 38. Bf4 e2 0-1